Straßen beginnend mit S - Moers - Statistiken

Allgemein
  • Dieses Quiz wurde 2 mal gespielt
  • Das Durchschnittsergebnis liegt bei 3 aus 66
Antwortstatistiken
Antwort % Korrekt
Schwarzer Weg
100%
Schubertstraße
50%
Schwafheimer Weg
50%
Sperlingsweg
50%
Südstraße
50%
Saarbrücker Straße
0%
Saarstraße
0%
Sachsenstraße
0%
Salbeiweg
0%
Salvienweg
0%
Samlandstraße
0%
Sandforter Straße
0%
Sandsteinweg
0%
Sandstraße
0%
Saturnring
0%
Sauerbruchstraße
0%
Schaltbruchweg
0%
Schardeyshof
0%
Scherpenberger Straße
0%
Schillerstraße
0%
Schlägelstraße
0%
Schlehenstraße
0%
Schmale Straße
0%
Schmiedegasse
0%
Schöllingstraße
0%
Scholtenstraße
0%
Schopenhauerstraße
0%
Schulstraße
0%
Schulze-Delitzsch-Straße
0%
Schustergasse
0%
Schwalbenstraße
0%
Schwanenring
0%
Schwanstraße
0%
Sedanstraße
0%
Seeweg
0%
Seidelbastweg
0%
Seilstraße
0%
Seitenstraße
0%
Selma-Lagerlöf-Straße
0%
Seminarstraße
0%
Siedweg
0%
Siegfriedstraße
0%
Siegstraße
0%
Siemensweg
0%
Sittardsweg
0%
Skirenstraße
0%
Sonnenring
0%
Sophienstraße
0%
Spechtweg
0%
Sperberweg
0%
Spichernstraße
0%
Spitzwegstraße
0%
Spreestraße
0%
Stappfeldstraße
0%
Starenweg
0%
Staufenstraße
0%
Stefanstraße
0%
Steigerstraße
0%
Steinbrückenstraße
0%
Steinstraße
0%
Sternstraße
0%
Steubenstraße
0%
Stoberstraße
0%
Stormstraße
0%
Stufenweg
0%
Südring
0%
Keine übereinstimmenden Quizze gefunden
Verteilung der Resultate
Anzahl Personen mit jedem Resultat
Perzentil nach korrekt beantworteten Fragen
Ihre Resultats-Entwicklung
Sie haben dieses Quiz noch nicht gespielt